Southville International School and Colleges
Your cart is empty.
  • Cart
  • Lists
    Public lists Eva Luna New books Lux_list list_1
    Your lists Log in to create your own lists
  • Log in to your account
  • Your cookies
  • Search history
Southville International School and Colleges
  • Advanced search
  • Recent comments
  • Most popular
  • Libraries

Log in to your account

Log in with GOOGLE


If you do not have an external account, but do have a local account, you can still log in:

  1. Home
  2. MARC view: Harry Potter and the cursed child :
Normal view MARC view ISBD view

Harry Potter and the cursed child : (Record no. 368605)

[ view plain ]
MARC details
000 -LEADER
fixed length control field 00876nam a22002417a 4500
003 - CONTROL NUMBER IDENTIFIER
control field 0
005 - DATE AND TIME OF LATEST TRANSACTION
control field 20251112085707.0
008 - FIXED-LENGTH DATA ELEMENTS--GENERAL INFORMATION
fixed length control field 251112b xxu||||| |||| 00| 0 eng d
020 ## - INTERNATIONAL STANDARD BOOK NUMBER
International Standard Book Number 978-1-338-09913-3
050 ## - LIBRARY OF CONGRESS CALL NUMBER
Classification number PR 6120.H67
Item number H37 2016
100 ## - MAIN ENTRY--PERSONAL NAME
Personal name Thorne, Jack,
Relator term author.
245 ## - TITLE STATEMENT
Title Harry Potter and the cursed child :
Remainder of title parts one and two /
Statement of responsibility, etc a new play by Jack Thorne ; based on an original new story by J.K. Rowling, John Tiffany & Jack Thorne.
260 ## - PUBLICATION, DISTRIBUTION, ETC. (IMPRINT)
Place of publication, distribution, etc New York :
Name of publisher, distributor, etc Arthur A. Levine Books,
Date of publication, distribution, etc 2016.
300 ## - PHYSICAL DESCRIPTION
Extent 327 pages ;
Dimensions 24 cm.
500 ## - GENERAL NOTE
General note The official script of the original West End production.<br/>Special rehearsal edition.
650 ## - SUBJECT ADDED ENTRY--TOPICAL TERM
Topical term or geographic name as entry element Wizards
Form subdivision Drama.
650 ## - SUBJECT ADDED ENTRY--TOPICAL TERM
Topical term or geographic name as entry element Magic
Form subdivision Drama.
650 ## - SUBJECT ADDED ENTRY--TOPICAL TERM
Topical term or geographic name as entry element Time travel
Form subdivision Drama.
650 ## - SUBJECT ADDED ENTRY--TOPICAL TERM
Topical term or geographic name as entry element Fantasy Drama.
700 ## - ADDED ENTRY--PERSONAL NAME
Personal name Rowling, J. K.,
Relator term reator.
700 ## - ADDED ENTRY--PERSONAL NAME
Personal name Tiffany, John,
Relator term creator.
942 ## - ADDED ENTRY ELEMENTS (KOHA)
Source of classification or shelving scheme Library of Congress Classification
Koha item type Books
Holdings
Withdrawn status Lost status Source of classification or shelving scheme Damaged status Home library Current library Shelving location Date acquired Source of acquisition Sub Shelving location Total Checkouts Full call number Barcode Date last seen Date checked out Price effective from Koha item type
    Library of Congress Classification   Luxembourg Library Luxembourg Library Fiction Section 02/06/2025 Donation   1 PR 6120.H67 H37 2016 21325 11/12/2025 11/12/2025 11/12/2025 Books

Harry Potter and the cursed child :

APA

Thorne J., Rowling J. K. & Tiffany J. (2016). Harry Potter and the cursed child. New York: Arthur A. Levine Books.

Chicago

Thorne Jack, Rowling J K and Tiffany John. 2016. Harry Potter and the cursed child. New York: Arthur A. Levine Books.

Harvard

Thorne J., Rowling J. K. and Tiffany J. (2016). Harry Potter and the cursed child. New York: Arthur A. Levine Books.

MLA

Thorne Jack, Rowling J K and Tiffany John. Harry Potter and the cursed child. New York: Arthur A. Levine Books. 2016.

  • Place hold
  • Print
  • Cite
  • Add to your cart (remove)
  • Save record
    BIBTEX Dublin Core MARCXML MARC (non-Unicode/MARC-8) MARC (Unicode/UTF-8) MARC (Unicode/UTF-8, Standard) MODS (XML) RIS
  • More searches
    Search for this title in:
    Other Libraries (WorldCat) Other Databases (Google Scholar) Online Stores (Bookfinder.com) Open Library (openlibrary.org)

Exporting to Dublin Core...

SOUTHVILLE LIBRARY

Southville International School and Colleges Library

1281 Tropical Ave. Cor. Luxembourg St., BF Homes International, Las Pinas City

Tel. No. 8256374 / 252358 Loc. 117/146

Powered by Koha